000 00579nam a2200229Ia 4500
003 OSt
005 20221007063830.0
006 a|||||r|||| 00| 0
007 ta
008 221006b |||||||| |||| 00| 0 eng d
024 _a11,085
037 _cTextual
040 _aFLL
_cFLL
_beng
041 _2eng
_aeng
082 _a902 & N7, L3
245 0 _aIndia a statistical outline
250 _a4th
260 _aCalcutta
_bOxford & IBH Publishing Co. India
_c1973
300 _a230p
_ccm.
942 _h902 & N7, L3
_cTEXL
_2CC
999 _c1132295
_d1132295